| 000 | 01415aab a2200217 4500 | ||
|---|---|---|---|
| 001 | 768714001 | ||
| 003 | CO-MdFUSB | ||
| 005 | 20240531152609.0 | ||
| 008 | 170509s1993 cr ||||| |||| 00| 0 spa d | ||
| 022 | _a1409-1968 | ||
| 040 |
_aCO-MdFUSB _bspa _cCO-MdFUSB _dCO-MdFUSB |
||
| 041 | _aspa | ||
| 100 | 1 |
_aMacDonald, Gordon (1939-) _eautor |
|
| 245 | 1 | 0 |
_aCómo evitar que tu mundo interior se derrumbe _c/ Gordon MacDonald |
| 300 |
_aVolumen 10. Número 5 (1993), páginas 6-12 _c: 27 cm. |
||
| 520 | _aLos ataques del enemigo sobre nuestros intereses espirituales son inevitables,, por lo que se hace imperioso reforzar nuestras defensas en las áreas donde es más probable que nos ataque. Nuestro mundo interior espiritual depende de las decisiones que tomamos en varias áreas, las cuales pueden quedar fortalecidas o debilitadas para el diario vivir. Nuestro enemigo es muy audaz. El nos observa muy cuidadosamente, buscando descubrir cuáles son aquellas áreas débiles, esas en donde, con más probabilidad, haríamos decisiones que nos llevarían a la destrucción. Su objetivo es negarle a Dios el placer de ver su gloria reflejada en nosotros, y negarnos a nosotros mismos el placer de ser lo que Dios pensó para nosotros. | ||
| 650 | 0 |
_aVida cristiana _919 |
|
| 773 | 0 |
_tApuntes Pastorales _049442 _960186 _gVolumen 10. Número 5 (1993), páginas 6-12 _qPágina 6 |
|
| 942 | _cANA | ||
| 945 | _aJTF-925 | ||
| 999 |
_c49781 _d49781 |
||